Bienvenidos a la fiesta : diccionario-guía de autores y obras de literatura infantil y juvenil /

Guardat en:
Dades bibliogràfiques
Autor principal: González, Luis Daniel (autor)
Format: Llibre
Idioma:espanyol
Publicat: Madrid, España : Dossat, 2001, c2001
Matèries:
Etiquetes: Afegir etiqueta
Sense etiquetes, Sigues el primer a etiquetar aquest registre!

MARC

LEADER 00000nam^a2200000^a^4500
001 000154329
005 20250521000000.0
009 20260310100351.024
020 |a 84-95312-42-5 
037 |a Acervo ITESO - Biblioteca 
041 |a ESP 
082 |a 809. 89282  |b GON 
100 |a González, Luis Daniel  |e (autor) 
240 1 1 |a [Diccionario-guía de autores y obras de literatura infantil y juvenil] 
245 1 0 |a Bienvenidos a la fiesta :  |b diccionario-guía de autores y obras de literatura infantil y juvenil /  |c L.D. González. 
264 4 |a Madrid, España :  |b Dossat,  |c 2001, c2001 
300 |a 650 p. 
336 |a texto  |b txt  |2 rdacontenido 
337 |a sin mediación  |b n  |2 rdamedio 
338 |a volumen  |b nc  |2 rdasoporte 
649 |a XX 
650 |a Escritores -  |x Enciclopedias y Diccionarios 
650 |a Literatura Infantil -  |x Enciclopedias y Diccionarios 
650 |a Literatura Infantil -  |x Historia y Crítica 
650 |a Literatura Juvenil -  |x Enciclopedias y Diccionarios 
650 |a Literatura Juvenil -  |x Historia y Crítica 
650 |a Literatura -  |x Enciclopedias y Diccionarios 
650 |a Enciclopedias y Diccionarios 
910 |a Fondo General 
920 |a Impresos - Libros 
930 |a Obras de Referencia 
940 |a Literatura 
905 |a 102 
901 |a 0500085883  |b IT2  |c REF  |u 20250521 
902 |a https://opac.biblio.iteso.mx/vufind/Record/000154329